Najpiękniejsze zabytki w Polsce - Statystyki

Ogólne statystyki
  • Ten quiz został rozwiązany 201 razy
  • Średni wynik to 6 z 16
Statystyki odpowiedzi
Obrazkowy Odpowiedź % Poprawnych
Rynek w Krakowie | Sukiennice
82%
Zamek Królewski w Krakowie | Wawel
80%
Zamek Królewski w Warszawie
60%
Kopalnia Soli w Wieliczce
59%
Zamek Krzyżacki w Malborku
53%
Kościół Mariacki w Krakowie
49%
Zamek Książ
41%
Auschwitz-Birkenau
37%
Hala Stulecia we Wrocławiu
32%
Rynek w Zamościu
30%
Kościół Mariacki w Gdańsku
23%
Zamek w Chęcinach | Szlak Orlich Gniazd
20%
Kościół Pokoju w Świdnicy
16%
Kalwaria Zebrzydowska
12%
Cerkiew Narodzenia Przenajświętszej Bogurodzicy w Chotyńcu
2%
Cerkiew świętego Jakuba w Powroźniku
2%
Nie znaleziono quizów pasujących do podanych kryteriów
Rozkład punktacji
Procent ludzi z każdym wynikiem
Percentyl według liczby udzielonych odpowiedzi
Twoja historia wyników
Nie rozwiązałeś tego quizu